Mathematiques

Αποθηκεύτηκε σε:
Λεπτομέρειες βιβλιογραφικής εγγραφής
Κύριος συγγραφέας: Landau, Michel
Μορφή: Βιβλίο
Γλώσσα:French
Δημοσίευση: Paris : Bordas, c1973
Σειρά:Collection des guides pratiques ; ; 884
Θέματα:
Ετικέτες: Προσθήκη ετικέτας
Δεν υπάρχουν, Καταχωρήστε ετικέτα πρώτοι!

MARC

LEADER 00000cam a2200000 i 4500
001 1/7195
008 100505s1973 fre d
020 |a 2-04-002454-9 
035 |l 10107776 
040 |a GR-MY-UA  |b gre  |e aacr 
041 0 |a fre 
082 0 |a 510  |2 (22) 
100 1 |a Landau, Michel. 
245 1 0 |a Mathematiques /  |c Michel Landau 
260 |a Paris :   |b Bordas,   |c c1973 
300 |a v, 345 σ.;  |b σχέδια;  |c 17 εκ. 
490 1 |a Collection des guides pratiques  |v ; 884 
505 0 |a Baccalaureat tome III des sections C et EProgrammes 1971 
650 0 0 |a Mathematics. 
830 0 |a Collection des guides pratiques ;  |v ; 884 
852 |a INST  |b SAMOS  |c MAG  |e 20100505  |h 510 LAN  |p 005300032039  |q 005300032039  |t BK  |v τ.3:  |y 0  |z τ.3 
853 |a INST  |b SAMOS  |c MAG  |h 510 LAN 
901 |a BIBL3-2010-2 
909 |a Σ  |b 162167 
970 |a ΡΟΥΣΣΟΥ  |b ΚΩΝΣΤΑΝΤΙΝΑ  |z 2010/05/05